Statistics for Sm-Liiga champions

Click here to take the quiz!

General Stats

  • This quiz has been taken 446 times
  • The average score is 65 of 81

Answer Stats

Answer% Correct
2004Kärpät
99%
2008Kärpät
99%
2007Kärpät
99%
1981Kärpät
99%
2005Kärpät
99%
1970HIFK
98%
2011HIFK
98%
1983HIFK
98%
1974HIFK
98%
1998HIFK
98%
1969HIFK
98%
1980HIFK
98%
1960Ilves
97%
1957Ilves
97%
1958Ilves
97%
1962Ilves
97%
1966Ilves
97%
1952Ilves
97%
1972Ilves
97%
1951Ilves
97%
1945Ilves
97%
1936Ilves
97%
1937Ilves
97%
1938Ilves
97%
1950Ilves
97%
1946Ilves
97%
1947Ilves
97%
1985Ilves
97%
1986Tappara
97%
1984Tappara
97%
1977Tappara
97%
1982Tappara
97%
1975Tappara
97%
1987Tappara
97%
1988Tappara
97%
1979Tappara
97%
1961Tappara
97%
1959Tappara
97%
2003Tappara
97%
1964Tappara
97%
1995TPS
97%
1989TPS
97%
2010TPS
97%
2001TPS
97%
2000TPS
97%
1999TPS
97%
1956TPS
97%
1991TPS
97%
1976TPS
97%
1993TPS
97%
1990TPS
97%
1992Jokerit
96%
1996Jokerit
96%
1997Jokerit
96%
2002Jokerit
96%
1973Jokerit
96%
1994Jokerit
96%
2006HPK
94%
2009JYP
92%
2012JYP
92%
1978Ässät
91%
1971Ässät
91%
1963Lukko
85%
1968Koo-Vee
41%
1928Reipas
40%
1935HJK
38%
1929HJK
38%
1932HJK
38%
1955TBK
38%
1954TBK
38%
1953TBK
38%
1965Karhut
29%
1948Tarmo
20%
1949Tarmo
20%
1967RU-38
16%
1931TaPa
13%
1943KIF
12%
1941KIF
12%
1939KIF
12%
1934HSK
10%
1933HSK
10%

Score Distribution

Percentile by Number Answered

Percent of People with Each Score

Your Score History

You have not taken this quiz